banner-ar

THE NATIONAL GALLERY OF CANADE: CATALOQUE OF PAINTINGS AND SCULPTURE VOLUME III CANADIAN SCHOOL / (Record no. 19483)

MARC details
000 -الفاتح
حقل البيانات ثابتة الطول 00532nam a2200181Ia 4500
008 - عناصر البيانات ثابتة الطول - معلومات عامة
حقل البيانات ثابتة الطول 140319s9999 xx 000 0 eng d
040 ## - مصدر الفهرسة
وكالة الفهرسة الأصلية GCL /
وكالة النسخ GCL
082 04 - رقم تصنيف ديوى العشرى
رقم التصنيف 708.11
رقم المادة M N
100 1# - المدخل الرئيسى - إسم شخصى
الإسم الشخصى MAHER, THOMES
245 10 - بيان العنوان
العنوان THE NATIONAL GALLERY OF CANADE: CATALOQUE OF PAINTINGS AND SCULPTURE VOLUME III CANADIAN SCHOOL /
بيان المسئوليه,etc MAHER, THOMES
300 ## - الوصف المادى
التعداد 464 P
650 04 - المدخل الاضافى بالموضوع-مصطلح موضوعى
مصطلح موضوعي ART, CANADA
650 04 - المدخل الاضافى بالموضوع-مصطلح موضوعى
مصطلح موضوعي PAINTING
650 04 - المدخل الاضافى بالموضوع-مصطلح موضوعى
مصطلح موضوعي GALLERIES
942 ## - عناصر المدخل الإضافي( كوها)
مصدر التصنيف او مخطط الترفيف Dewey Decimal Classification
Koha [default] item type كتاب
260 ## - PUBLICATION, DISTRIBUTION, ETC. (IMPRINT)
-- [S.N] :
-- OFFICERS OF THE NATIONAL GALLERY OF CANA
Holdings
حالة التراجع حالة الفقد حالة تلف ليس للاعارة المكان المؤقت الموقع الحالى تاريخ الاكتساب اجمالي اﻻعارات رقم الطلب الباركود تاريخ اخر مشاهدة تاريخ تفعيل السعر نوع وعاء كوها
        مكتبة القاهرة الكبرى مكتبة القاهرة الكبرى 03/26/2014   708.11\M N 37128 03/26/2014 03/26/2014 كتاب
        مكتبة القاهرة الكبرى مكتبة القاهرة الكبرى 03/26/2014   708.11\M N 37129 03/26/2014 03/26/2014 كتاب

Powered By

EGPV